| 000 | 00581nam a2200181 a 4500 | ||
|---|---|---|---|
| 005 | 20210219160510.0 | ||
| 008 | 081109s2000 mx r 000 0 spa d | ||
| 020 | _a9686090037 | ||
| 035 | _aUPN01000166891 | ||
| 049 | _aUNE | ||
| 080 | _a6 (-77) TEC. | ||
| 245 | 0 | 0 | _aTecnología adecuada: problemas y perspectivas/ editor Nicolas Jéquier; tr. Dante Velasco Leone. |
| 260 | _aMéxico : CEESTEM, 1979. | ||
| 300 | _a446 p.; 21 cm. fot. | ||
| 690 | _aTecnologia- Politica de desarrollo | ||
| 690 | _aPolitica cientifica- Tecnologia- Paises en desarrollo | ||
| 905 | _aUNESCO | ||
| 999 |
_c139002 _d139002 |
||